[Event "2. BUNDESLIGA MITTE 2017/2018"]
[Site "St. Valentin, Pinggau/Villach/Taufkirchen, Fuerstenfeld, St. Veit"]
[Date "2017.10.27"]
[Round "1"]
[Board "5"]
[White "Wiesinger, Robert"]
[Black "Frank, Paul"]
[Result "1-0"]
[WhiteElo "2201"]
[BlackElo "2217"]
[PlyCount "153"]
[EventDate "2017.10.27"]
[EventType "team"]
[EventRounds "11"]
[EventCountry "AUT"]
[WhiteTeam "SV Steyregg"]
[BlackTeam "ESV ASKOE Admira Villach"]

1. e4 c5 2. Nf3 Nc6 3. Bb5 g6 4. Bxc6 bxc6 5. O-O Bg7 6. Re1 Nh6 7. c3 O-O 8.
h3 f6 9. d4 cxd4 10. cxd4 d6 11. Nc3 Nf7 12. Be3 Qa5 13. Rc1 Bd7 14. Qd2 Rfd8
15. Qd3 Rab8 16. Nd2 Qh5 17. b3 Qa5 18. Nc4 Qa6 19. d5 c5 20. f4 Qc8 21. Bf2
Bh6 22. Qf3 Rf8 23. Rcd1 Rb4 24. Bg3 g5 25. e5 gxf4 26. e6 fxg3 27. Qg4+ Kh8
28. exd7 Qd8 29. Re4 f5 30. Qxf5 Ng5 31. Qg4 Nxe4 32. Nxe4 Rb7 33. Qh5 Bf4 34.
Rf1 Qxd7 35. Ng5 e5 36. dxe6 Qg7 37. Nf7+ Rbxf7 38. exf7 Be5 39. Nxe5 Qxe5 40.
Qxe5+ dxe5 41. Rf3 e4 42. Rf4 Kg7 43. Rxe4 Rxf7 44. Rg4+ Kf8 45. Rxg3 Rd7 46.
Rc3 Rd5 47. Kf1 Ke7 48. Ke2 Rg5 49. Kf3 Kd6 50. g4 Rg7 51. Rc4 Kd5 52. h4 Rf7+
53. Rf4 Re7 54. g5 Re1 55. Ra4 Re7 56. h5 Rf7+ 57. Rf4 Re7 58. Rf5+ Kd4 59. Kg4
Re2 60. Rf4+ Ke5 61. Rf5+ Kd4 62. Rf3 Ke5 63. g6 hxg6 64. hxg6 Rg2+ 65. Kh5 Ke6
66. a4 a5 67. Kh6 Ke7 68. g7 Rh2+ 69. Kg6 Rg2+ 70. Kh7 Rh2+ 71. Kg8 Re2 72. Rf5
Re3 73. Kh7 Rh3+ 74. Kg6 Rg3+ 75. Rg5 Rxg5+ 76. Kxg5 Kf7 77. Kf5  1-0

[Event "2. BUNDESLIGA MITTE 2017/2018"]
[Site "St. Valentin, Pinggau/Villach/Taufkirchen, Fuerstenfeld, St. Veit"]
[Date "2017.10.27"]
[Round "1"]
[Board "6"]
[White "Bachlechner, Julian"]
[Black "Meyer, Gordon"]
[Result "1/2-1/2"]
[WhiteElo "2109"]
[BlackElo "2182"]
[PlyCount "141"]
[EventDate "2017.10.27"]
[EventType "team"]
[EventRounds "11"]
[EventCountry "AUT"]
[WhiteTeam "ESV ASKOE Admira Villach"]
[BlackTeam "SV Steyregg"]

1. d4 Nf6 2. Nf3 g6 3. g3 Bg7 4. Bg2 O-O 5. O-O d6 6. c4 a6 7. Nc3 Nc6 8. h3
Rb8 9. e4 b5 10. cxb5 axb5 11. e5 Ne8 12. Ng5 b4 13. Ne2 d5 14. Be3 Na5 15. b3
e6 16. f4 c6 17. g4 Nc7 18. Qc2 h6 19. Nf3 Nb5 20. Ng3 Na3 21. Qd2 Kh7 22. Rf2
Ba6 23. f5 Re8 24. h4 exf5 25. gxf5 c5 26. h5 c4 27. hxg6+ fxg6 28. fxg6+ Kxg6
29. Nf5 cxb3 30. N3h4+ Kh7 31. Bxh6 b2 32. Bxg7 bxa1=Q+ 33. Kh2 Re6 34. Qf4
Rbb6 35. Qg4 Qe8 36. Bf6 Qf7 37. Bxd5 Bb7 38. Qg5 Rxf6 39. Bxf7 Qh1+ 40. Kg3
Qg1+ 41. Rg2 Qxg2+ 42. Nxg2 Rg6 43. Bxg6+ Rxg6 44. Qxg6+ Kxg6 45. Ngh4+ Kf7 46.
Nd6+ Ke6 47. Nxb7 Nxb7 48. Kf4 Nb5 49. Ke4 Nc3+ 50. Kd3 Nxa2 51. Ng6 Na5 52.
Nf4+ Kf5 53. e6 Kf6 54. Nd5+ Kxe6 55. Nxb4 Nxb4+ 56. Ke4 Nd5 $1 57. Kf3 Kf5 58.
Ke2 Kf4 59. Kd3 Kf3 60. Kd2 Ke4 61. Ke2 Nc4 62. Kf2 Nd2 63. Ke2 Nf3 64. Kf2 Nd2
65. Ke2 Nb3 66. Kf2 Nc1 67. Kg3 Ne2+ 68. Kf2 Nef4 69. Kg3 Ne6 70. Kf2 Nef4 71.
Kg3  1/2-1/2

[Event "2. BUNDESLIGA MITTE 2017/2018"]
[Site "St. Valentin, Pinggau/Villach/Taufkirchen, Fuerstenfeld, St. Veit"]
[Date "2017.10.27"]
[Round "1"]
[Board "1"]
[White "Schmidt, Peter"]
[Black "Milanovic, Danilo"]
[Result "1/2-1/2"]
[WhiteElo "2392"]
[BlackElo "2488"]
[PlyCount "116"]
[EventDate "2017.10.27"]
[EventType "team"]
[EventRounds "11"]
[EventCountry "AUT"]
[WhiteTeam "SPG Sauwald"]
[BlackTeam "SPG Sparkasse Pinggau-Friedberg"]

1. Nf3 Nf6 2. g3 b5 3. Bg2 Bb7 4. O-O e6 5. d4 Be7 6. Bg5 d5 7. Nbd2 Nbd7 8. c3
c5 9. Bxf6 Bxf6 10. b4 cxb4 11. cxb4 a5 12. a3 Be7 13. Qb3 O-O 14. e3 Ra7 15.
Rfc1 Nb6 16. bxa5 Rxa5 17. Bf1 Nc4 18. a4 Qa8 19. Rab1 Na3 20. axb5 Nxb1 21.
Qxb1 Rc8 22. Nb3 Ra2 23. Rxc8+ Bxc8 24. Qc1 Bd6 25. Ne5 Bb7 26. Nc5 h6 27. Ned3
Qa7 28. Kg2 Qb6 29. Qc3 Ra8 30. Qb3 Ra5 31. Nxb7 Qxb7 32. Nc5 Qb6 33. Qc3 Ra8
34. Qb4 Rc8 35. Na4 Bxb4 36. Nxb6 Rc2 37. Kf3 Be1 38. Be2 g5 39. g4 h5 40. h3
hxg4+ 41. hxg4 f5 42. gxf5 g4+ 43. Kxg4 Rxe2 44. fxe6 Bxf2 45. Nxd5 Rb2 46. b6
Kg7 47. Kf5 Be1 48. Ke5 Bg3+ 49. Ke4 Rb3 50. Kf3 Be1 51. Ke4 Ba5 52. Ke5 Bxb6
53. Kd6 Ba5 54. e4 Rb8 55. e7 Kf7 56. e5 Bb4+ 57. Kd7 Rb5 58. Kc6 Rxd5  1/2-1/2

[Event "2. BUNDESLIGA MITTE 2017/2018"]
[Site "St. Valentin, Pinggau/Villach/Taufkirchen, Fuerstenfeld, St. Veit"]
[Date "2017.10.27"]
[Round "1"]
[Board "2"]
[White "Mahdy, Khaled"]
[Black "Renner, Christoph"]
[Result "0-1"]
[WhiteElo "2394"]
[BlackElo "2349"]
[PlyCount "60"]
[EventDate "2017.10.27"]
[EventType "team"]
[EventRounds "11"]
[EventCountry "AUT"]
[WhiteTeam "SPG Sparkasse Pinggau-Friedberg"]
[BlackTeam "SPG Sauwald"]

1. e4 e5 2. Nf3 Nc6 3. Bb5 a6 4. Ba4 d6 5. c3 Bd7 6. d4 Nge7 7. d5 Nb8 8. c4
Ng6 9. Nc3 Be7 10. O-O h6 11. Ne1 O-O 12. Bxd7 Nxd7 13. Nc2 Bg5 14. Ne3 Ne7 15.
Qf3 g6 16. Ng4 Bxc1 17. Raxc1 Kg7 18. Qe3 Ng8 19. Qh3 h5 20. Ne3 Ngf6 21. Qf3
a5 22. Qd1 h4 23. f4 exf4 24. Rxf4 Ne5 25. Qe2 Rh8 26. Rcf1 Nh5 27. Nf5+ gxf5
28. Rxf5 Ng3 29. hxg3 hxg3 30. Rxe5 Rh1+  0-1

[Event "2. BUNDESLIGA MITTE 2017/2018"]
[Site "St. Valentin, Pinggau/Villach/Taufkirchen, Fuerstenfeld, St. Veit"]
[Date "2017.10.27"]
[Round "1"]
[Board "3"]
[White "Testor, Sebastian"]
[Black "Kostic, Vladimir"]
[Result "1/2-1/2"]
[WhiteElo "2293"]
[BlackElo "2323"]
[PlyCount "105"]
[EventDate "2017.10.27"]
[EventType "team"]
[EventRounds "11"]
[EventCountry "AUT"]
[WhiteTeam "SPG Sauwald"]
[BlackTeam "SPG Sparkasse Pinggau-Friedberg"]

1. d4 d5 2. c4 e6 3. Nf3 c5 4. e3 Nc6 5. Nc3 a6 6. a3 dxc4 7. Bxc4 b5 8. Ba2
Nf6 9. O-O Bb7 10. d5 exd5 11. Nxd5 Be7 12. Re1 Nxd5 13. Bxd5 O-O 14. e4 Qc7
15. Qc2 Na5 16. Bxb7 Qxb7 17. Bf4 Rad8 18. Rad1 Nc4 19. Ne5 Nxe5 20. Bxe5 c4
21. Bc3 Bc5 22. Qe2 Qb6 23. Rd5 Rxd5 24. exd5 Qg6 25. Rd1 h6 26. Qd2 Rd8 27.
Bb4 Bxb4 28. axb4 Qd6 29. g3 Re8 30. Kg2 Re4 31. Kf1 f6 32. Kg2 Kf7 33. Kf1 Ke7
34. Kg2 Kd7 35. Kf1 Qe5 36. d6 h5 37. h4 Qf5 38. Kg2 Re6 39. Re1 Qd3 40. Qc1
Rxe1 41. Qxe1 Qxd6 42. Kg1 Qe5 43. Qa1 Ke8 44. Qxa6 Qe1+ 45. Kg2 Qxb4 46. Qb7
Kf8 47. Qc8+ Ke7 48. Qc7+ Ke6 49. Qc6+ Ke7 50. Qc7+ Kf8 51. Qc8+ Kf7 52. Qc7+
Kf8 53. Qd8+  1/2-1/2

[Event "2. BUNDESLIGA MITTE 2017/2018"]
[Site "St. Valentin, Pinggau/Villach/Taufkirchen, Fuerstenfeld, St. Veit"]
[Date "2017.10.27"]
[Round "1"]
[Board "4"]
[White "Danner, Georg"]
[Black "Taggatz, Mario"]
[Result "1-0"]
[WhiteElo "2316"]
[BlackElo "2183"]
[PlyCount "53"]
[EventDate "2017.10.27"]
[EventType "team"]
[EventRounds "11"]
[EventCountry "AUT"]
[WhiteTeam "SPG Sparkasse Pinggau-Friedberg"]
[BlackTeam "SPG Sauwald"]

1. d4 e6 2. Nf3 f5 3. g3 Nf6 4. Bg2 Be7 5. c4 O-O 6. O-O d6 7. Nc3 Ne4 8. Qc2
Nxc3 9. Qxc3 a5 10. Be3 Bf6 11. c5 Nc6 12. cxd6 cxd6 13. Rfd1 Qe8 14. Bg5 e5
15. Bxf6 Rxf6 16. dxe5 dxe5 17. Rd2 e4 18. Nd4 Nxd4 19. Rxd4 Be6 20. a3 a4 21.
Rc1 Rf7 22. Qd2 h6 23. f3 exf3 24. Bxf3 Bb3 25. Bh5 Kh7 26. Bxf7 Qxf7 27. Rd7
 1-0

[Event "2. BUNDESLIGA MITTE 2017/2018"]
[Site "St. Valentin, Pinggau/Villach/Taufkirchen, Fuerstenfeld, St. Veit"]
[Date "2017.10.27"]
[Round "1"]
[Board "5"]
[White "Hellmayr, Alois"]
[Black "Schieder, Andreas"]
[Result "0-1"]
[WhiteElo "2256"]
[BlackElo "2237"]
[PlyCount "54"]
[EventDate "2017.10.27"]
[EventType "team"]
[EventRounds "11"]
[EventCountry "AUT"]
[WhiteTeam "SPG Sauwald"]
[BlackTeam "SPG Sparkasse Pinggau-Friedberg"]

1. Nf3 d6 2. d4 Bg4 3. g3 Nd7 4. Bg2 e5 5. Nc3 Ngf6 6. h3 Bh5 7. g4 Bg6 8. Nh4
c6 9. Nxg6 fxg6 10. e4 exd4 11. Qxd4 d5 12. Bg5 Bc5 13. Qd2 O-O 14. O-O-O Qa5
15. exd5 Ne5 16. Rhe1 Nc4 17. Qf4 Qb4 18. Rd3 Nxg4 19. Qxg4 Qxb2+ 20. Kd1 Rxf2
21. Re2 Qa1+ 22. Bc1 Ba3 23. Rxf2 Qxc1+ 24. Ke2 Qxc2+ 25. Ke1 Qxd3 26. Qe6+ Kh8
27. Ne4 Bb4+  0-1

[Event "2. BUNDESLIGA MITTE 2017/2018"]
[Site "St. Valentin, Pinggau/Villach/Taufkirchen, Fuerstenfeld, St. Veit"]
[Date "2017.10.27"]
[Round "1"]
[Board "6"]
[White "Reinwald, Patrick"]
[Black "Hiermann, Dietmar"]
[Result "0-1"]
[WhiteElo "2169"]
[BlackElo "2257"]
[PlyCount "63"]
[EventDate "2017.10.27"]
[EventType "team"]
[EventRounds "11"]
[EventCountry "AUT"]
[WhiteTeam "SPG Sparkasse Pinggau-Friedberg"]
[BlackTeam "SPG Sauwald"]

1. d4 d5 2. c4 c6 3. Nf3 Nf6 4. Nc3 a6 5. c5 g6 6. Bf4 Bg7 7. Qd2 h6 8. h3 Bf5
9. g4 Be4 10. Bg2 Nbd7 11. O-O g5 12. Bg3 Bxf3 13. Bxf3 Nf8 14. Rad1 Ng6 15.
Bg2 e6 16. e4 O-O 17. Bd6 Re8 18. f4 Nxf4 19. Bxf4 gxf4 20. Qxf4 Rf8 21. Rf2 b6
22. cxb6 Qxb6 23. g5 hxg5 24. Qxg5 Nh7 25. Qg4 dxe4 26. Qxe4 Rad8 27. Rfd2 Rd6
28. Kh1 Rfd8 29. Qg4 f5 30. Qg6 Nf8 31. Qg5 Rxd4 32. Qxd8  0-1

[Event "2. BUNDESLIGA MITTE 2017/2018"]
[Site "St. Valentin, Pinggau/Villach/Taufkirchen, Fuerstenfeld, St. Veit"]
[Date "2017.10.27"]
[Round "1"]
[Board "1"]
[White "Schnider, Gert"]
[Black "Menezes, Christoph"]
[Result "1/2-1/2"]
[WhiteElo "2412"]
[BlackElo "2404"]
[PlyCount "133"]
[EventDate "2017.10.27"]
[EventType "team"]
[EventRounds "11"]
[EventCountry "AUT"]
[WhiteTeam "Schachfreunde Graz"]
[BlackTeam "UNION Ansfelden"]

1. e4 e5 2. Nf3 Nc6 3. Bb5 Nf6 4. O-O Nxe4 5. d4 Nd6 6. dxe5 Nxb5 7. a4 Nbd4 8.
Nxd4 d5 9. exd6 Nxd4 10. Qxd4 Qxd6 11. Qe3+ Be6 12. Nc3 a6 13. Rd1 Qc6 14. Rd3
Be7 15. Nb5 Bf6 16. Nd4 Bxd4 17. Qxd4 O-O 18. Bf4 Qxc2 19. Bh6 f6 20. Rc1 Qe2
21. Re3 Qg4 22. Qxg4 Bxg4 23. Rg3 f5 24. h3 c6 25. hxg4 f4 26. Rb3 Rf7 27. Bxf4
Rxf4 28. Rxb7 Rxa4 29. f3 Rc8 30. Rc5 Rf4 31. Rb6 Rf7 32. Kf2 Rd7 33. Kg3 Rd5
34. Rc2 a5 35. Rb7 h6 36. Re2 Rb5 37. Ra7 Rcb8 38. Ree7 Rg5 39. f4 Rg6 40. Rxa5
Rb3+ 41. Kh4 Kh7 42. Ra8 Rb4 43. Rf8 Rd6 44. Ree8 Rxf4 45. Rxf4 g5+ 46. Kg3
gxf4+ 47. Kxf4 Rd2 48. Re7+ Kg6 49. Re6+ Kg7 50. b3 Rf2+ 51. Kg3 Rc2 52. Re3 c5
53. Re7+ Kf6 54. Rc7 Kg5 55. Rg7+ Kf6 56. Rb7 Kg5 57. Kh3 Rc3+ 58. g3 Rc2 59.
Rb5 Kg6 60. Rb6+ Kg5 61. Rb8 c4 62. bxc4 Rxc4 63. Rg8+ Kf6 64. Kh4 Kf7 65. Ra8
Rc5 66. Ra4 Kg6 67. Ra6+  1/2-1/2

[Event "2. BUNDESLIGA MITTE 2017/2018"]
[Site "St. Valentin, Pinggau/Villach/Taufkirchen, Fuerstenfeld, St. Veit"]
[Date "2017.10.27"]
[Round "1"]
[Board "2"]
[White "Weiss, Christian"]
[Black "Huber, Martin Christian"]
[Result "1/2-1/2"]
[WhiteElo "2378"]
[BlackElo "2365"]
[PlyCount "62"]
[EventDate "2017.10.27"]
[EventType "team"]
[EventRounds "11"]
[EventCountry "AUT"]
[WhiteTeam "UNION Ansfelden"]
[BlackTeam "Schachfreunde Graz"]

1. c4 e6 2. d4 Nf6 3. Nf3 d5 4. Nc3 Be7 5. cxd5 exd5 6. Bf4 c6 7. e3 Bf5 8. Bd3
Bxd3 9. Qxd3 Nbd7 10. h3 O-O 11. O-O Re8 12. Rab1 a5 13. Rfc1 Nf8 14. a3 Ng6
15. Bh2 Bd6 16. Bxd6 Qxd6 17. Qd1 Ne4 18. Nxe4 Rxe4 19. b4 axb4 20. axb4 f5 21.
b5 f4 22. bxc6 bxc6 23. Rb3 fxe3 24. fxe3 Rae8 25. Qd2 Qf6 26. Rbc3 R4e6 27.
Qf2 Rf8 28. Qg3 h6 29. Rf1 Qe7 30. Rfc1 Qf6 31. Rf1 Qe7  1/2-1/2

[Event "2. BUNDESLIGA MITTE 2017/2018"]
[Site "St. Valentin, Pinggau/Villach/Taufkirchen, Fuerstenfeld, St. Veit"]
[Date "2017.10.27"]
[Round "1"]
[Board "3"]
[White "Kravanja, Georg"]
[Black "Moser, Guenter"]
[Result "1/2-1/2"]
[WhiteElo "2267"]
[BlackElo "2301"]
[PlyCount "87"]
[EventDate "2017.10.27"]
[EventType "team"]
[EventRounds "11"]
[EventCountry "AUT"]
[WhiteTeam "Schachfreunde Graz"]
[BlackTeam "UNION Ansfelden"]

1. d4 f5 2. Bg5 g6 3. Nc3 d5 4. e3 c6 5. Bd3 Be6 6. Nge2 Bf7 7. f3 Bg7 8. O-O
Nf6 9. e4 dxe4 10. fxe4 fxe4 11. Nxe4 O-O 12. c3 Nbd7 13. N2g3 Qb6 14. Qe2 Rad8
15. Kh1 Kh8 16. Rae1 Bd5 17. b3 Qa5 18. b4 Qc7 19. a4 Bg8 20. Qc2 b6 21. Qd2
Nxe4 22. Nxe4 Rxf1+ 23. Rxf1 Rf8 24. Re1 Nf6 25. Nxf6 exf6 26. Bh6 Re8 27.
Bxg7+ Kxg7 28. Re3 Rxe3 29. Qxe3 Bb3 30. a5 bxa5 31. bxa5 Qxa5 32. Qe1 Bf7 33.
h3 Qb6 34. Be4 Qc7 35. Qb1 c5 36. d5 f5 37. Bf3 Qd6 38. c4 h5 39. Qa1+ Qf6 40.
Qxa7 Qd4 41. Qe7 h4 42. d6 Qa1+ 43. Kh2 Qf6 44. Qc7  1/2-1/2

[Event "2. BUNDESLIGA MITTE 2017/2018"]
[Site "St. Valentin, Pinggau/Villach/Taufkirchen, Fuerstenfeld, St. Veit"]
[Date "2017.10.27"]
[Round "1"]
[Board "4"]
[White "Knoll, Hermann"]
[Black "Domarkaite, Laima"]
[Result "1/2-1/2"]
[WhiteElo "2333"]
[BlackElo "2129"]
[PlyCount "119"]
[EventDate "2017.10.27"]
[EventType "team"]
[EventRounds "11"]
[EventCountry "AUT"]
[WhiteTeam "UNION Ansfelden"]
[BlackTeam "Schachfreunde Graz"]

1. d4 Nf6 2. Nf3 e6 3. c4 Bb4+ 4. Nbd2 O-O 5. a3 Bxd2+ 6. Qxd2 d6 7. g3 a5 8.
b3 Qe7 9. Bb2 Re8 10. Bg2 Nc6 11. Qc2 e5 12. d5 Nb8 13. e4 Na6 14. O-O Nh5 15.
Rfe1 Qf8 16. Nd2 f5 17. exf5 Bxf5 18. Ne4 Nc5 19. f3 b6 20. b4 axb4 21. axb4
Nd7 22. Qb3 h6 23. Nc3 Nhf6 24. Nb5 Rxa1 25. Rxa1 Rc8 26. Ra7 Qd8 27. Qe3 Ne8
28. f4 exf4 29. Qxf4 Qg5 30. Qxg5 hxg5 31. Nd4 g6 32. Nc6 Kf7 33. h3 g4 34.
hxg4 Bxg4 35. Ra1 Nef6 36. Re1 Re8 37. Rxe8 Kxe8 38. Kf2 Kf7 39. Ke3 Bf5 40.
Na7 Ne8 41. Nb5 Ndf6 42. Bf1 Bd7 43. Nc3 Ng7 44. Kf4 Ngh5+ 45. Kf3 Ng7 46. Bc1
Nf5 47. Bd3 Ne7 48. Bg5 Ng4 49. Kf4 Nf6 50. Be2 Neg8 51. g4 Ne7 52. Bf3 Nh7 53.
Be2 Nxg5 54. Kxg5 Kg7 55. Bd3 Be8 56. Ne2 b5 57. Nd4 Bd7 58. cxb5 Nxd5 59. Bxg6
Bxg4 60. Be4  1/2-1/2

[Event "2. BUNDESLIGA MITTE 2017/2018"]
[Site "St. Valentin, Pinggau/Villach/Taufkirchen, Fuerstenfeld, St. Veit"]
[Date "2017.10.27"]
[Round "1"]
[Board "5"]
[White "Eder, Matthias"]
[Black "Ennsberger, Ulrich"]
[Result "1-0"]
[WhiteElo "2161"]
[BlackElo "2267"]
[PlyCount "79"]
[EventDate "2017.10.27"]
[EventType "team"]
[EventRounds "11"]
[EventCountry "AUT"]
[WhiteTeam "Schachfreunde Graz"]
[BlackTeam "UNION Ansfelden"]

1. e4 c5 2. Nf3 Nc6 3. Nc3 e6 4. d4 cxd4 5. Nxd4 Qc7 6. Be2 Nf6 7. Be3 a6 8. a3
d6 9. O-O Be7 10. f4 O-O 11. Qe1 Nxd4 12. Bxd4 e5 13. Be3 exf4 14. Rxf4 Be6 15.
Kh1 Nd7 16. Qf2 Bg5 17. Rf3 Bxe3 18. Qxe3 Ne5 19. Rg3 Rac8 20. Bd3 Qc5 21. Qf4
Ng6 22. Qd2 Rfd8 23. Rf1 Qd4 24. Qg5 Re8 25. Rd1 Qe5 26. Qd2 Rc6 27. Rg5 Qf4
28. Rg3 Qxd2 29. Rxd2 Ne5 30. Kg1 Kf8 31. Nd1 g6 32. b3 b5 33. Nb2 Rec8 34. c4
bxc4 35. Nxc4 Nxc4 36. Bxc4 Bxc4 37. bxc4 Ke7 38. Rgd3 R8c7 39. Rd5 Ke6 40. g4
 1-0

[Event "2. BUNDESLIGA MITTE 2017/2018"]
[Site "St. Valentin, Pinggau/Villach/Taufkirchen, Fuerstenfeld, St. Veit"]
[Date "2017.10.27"]
[Round "1"]
[Board "6"]
[White "Mostbauer, Florian"]
[Black "Prato, Simon"]
[Result "1-0"]
[WhiteElo "2307"]
[BlackElo "2000"]
[PlyCount "79"]
[EventDate "2017.10.27"]
[EventType "team"]
[EventRounds "11"]
[EventCountry "AUT"]
[WhiteTeam "UNION Ansfelden"]
[BlackTeam "Schachfreunde Graz"]

1. d4 Nf6 2. Bf4 g6 3. e3 Bg7 4. Be2 O-O 5. Nf3 d6 6. h3 c5 7. c3 b6 8. O-O Bb7
9. a4 a6 10. Nbd2 Nbd7 11. Qb3 Qc7 12. Rfc1 Rac8 13. Bh2 Qb8 14. Qd1 Qa8 15.
Qf1 Rfe8 16. Ra2 h5 17. b3 Rc7 18. c4 cxd4 19. exd4 Rec8 20. a5 b5 21. Re1 bxc4
22. bxc4 Ne4 23. Nxe4 Bxe4 24. c5 Rc6 25. Ng5 d5 26. Bf3 f5 27. Ra4 e5 28. Bd1
exd4 29. f3 Nxc5 30. fxe4 dxe4 31. Qc4+ Kh8 32. Nf7+ Kh7 33. Ng5+ Kh8 34. Be5
Nxa4 35. Qf7 Rg8 36. Bxa4 Qd8 37. Bxc6 Qxg5 38. Bd5 Qd8 39. Qxg6 Qxd5 40. Qh6#
 1-0

[Event "2. BUNDESLIGA MITTE 2017/2018"]
[Site "St. Valentin, Pinggau/Villach/Taufkirchen, Fuerstenfeld, St. Veit"]
[Date "2017.10.28"]
[Round "2"]
[Board "1"]
[White "Riemelmoser, Franz"]
[Black "Milanovic, Danilo"]
[Result "0-1"]
[WhiteElo "2346"]
[BlackElo "2488"]
[PlyCount "89"]
[EventDate "2017.10.27"]
[EventType "team"]
[EventRounds "11"]
[EventCountry "AUT"]
[WhiteTeam "ESV ASKOE Admira Villach"]
[BlackTeam "SPG Sparkasse Pinggau-Friedberg"]

1. c4 c5 2. g3 Nf6 3. Bg2 d5 4. cxd5 Nxd5 5. Nc3 Nc7 6. Nf3 Nc6 7. O-O e5 8. a3
f6 9. e3 Be7 10. d4 cxd4 11. exd4 exd4 12. Ne2 d3 13. Nf4 O-O 14. Qb3+ Kh8 15.
Be3 Na5 16. Qxd3 g5 17. Ng6+ hxg6 18. Qxg6 Qe8 19. Qh6+ Kg8 20. Nxg5 Bf5 21.
Rac1 Nc6 22. Nf3 Qg6 23. Nd4 Qxh6 24. Bxh6 Nxd4 25. Rxc7 Rfe8 26. Rxb7 Rab8 27.
Rxa7 Rxb2 28. Re1 Ne2+ 29. Kh1 Bc5 30. Bd5+ Be6 31. Rg7+ Kh8 32. Be4 Bg8 33. f3
Bf8 34. Rg6 Bxh6 35. Rxh6+ Kg7 36. Rg6+ Kf7 37. Rg4 f5 38. Bd5+ Kf6 39. Rxg8
Nxg3+ 40. Rxg3 Rxe1+ 41. Rg1 Ree2 42. Ra1 Rxh2+ 43. Kg1 Ke5 44. Bc6 Kf4 45. a4
 0-1

[Event "2. BUNDESLIGA MITTE 2017/2018"]
[Site "St. Valentin, Pinggau/Villach/Taufkirchen, Fuerstenfeld, St. Veit"]
[Date "2017.10.28"]
[Round "2"]
[Board "2"]
[White "Mahdy, Khaled"]
[Black "Reichmann, Egon"]
[Result "0-1"]
[WhiteElo "2394"]
[BlackElo "2265"]
[PlyCount "72"]
[EventDate "2017.10.27"]
[EventType "team"]
[EventRounds "11"]
[EventCountry "AUT"]
[WhiteTeam "SPG Sparkasse Pinggau-Friedberg"]
[BlackTeam "ESV ASKOE Admira Villach"]

1. e4 e5 2. Nf3 Nc6 3. Bb5 f5 4. d3 fxe4 5. dxe4 Nf6 6. Nc3 Bb4 7. O-O Bxc3 8.
bxc3 d6 9. Qd3 O-O 10. Ba3 Nh5 11. Bc1 h6 12. Kh1 Bg4 13. Ng1 Qe8 14. Rb1 Kh7
15. g3 a6 16. Bc4 Na5 17. Bd2 Nf6 18. Bb3 Nxb3 19. axb3 Qc6 20. f3 Bh5 21. c4
Bg6 22. Rbe1 Nxe4 23. fxe4 Rxf1 24. Qxf1 Bxe4+ 25. Rxe4 Qxe4+ 26. Qf3 Qxc2 27.
Be3 c6 28. h4 a5 29. Nh3 a4 30. bxa4 Qg6 31. Nf2 Rxa4 32. Qe2 d5 33. cxd5 cxd5
34. Kh2 Ra3 35. Ng4 Qe4 36. Qb2 Rxe3  0-1

[Event "2. BUNDESLIGA MITTE 2017/2018"]
[Site "St. Valentin, Pinggau/Villach/Taufkirchen, Fuerstenfeld, St. Veit"]
[Date "2017.10.28"]
[Round "2"]
[Board "3"]
[White "Perhinig, Robert"]
[Black "Kostic, Vladimir"]
[Result "1/2-1/2"]
[WhiteElo "2264"]
[BlackElo "2323"]
[PlyCount "83"]
[EventDate "2017.10.27"]
[EventType "team"]
[EventRounds "11"]
[EventCountry "AUT"]
[WhiteTeam "ESV ASKOE Admira Villach"]
[BlackTeam "SPG Sparkasse Pinggau-Friedberg"]

1. d4 d5 2. c4 e6 3. Nc3 c5 4. e3 Nf6 5. Nf3 a6 6. a3 dxc4 7. Bxc4 b5 8. Be2
Bb7 9. O-O Nbd7 10. dxc5 Bxc5 11. b4 Be7 12. Bb2 O-O 13. a4 bxa4 14. Qxa4 Qb8
15. Rfb1 Rc8 16. b5 Nc5 17. Qd1 Rd8 18. Qc2 axb5 19. Rxa8 Bxa8 20. Ba3 Qc8 21.
Bxb5 Bf8 22. Rd1 h6 23. Rxd8 Qxd8 24. Be2 Qa5 25. Nb5 Nfe4 26. Bxc5 Nxc5 27.
Nd2 Qa1+ 28. Qb1 Qa5 29. Nc4 Qd8 30. Qd1 Qb8 31. Nd4 Bd5 32. Nd2 e5 33. Nb5 Qb7
34. Nf3 Bc6 35. Nc3 Nd7 36. Qb1 Qc7 37. Nb5 Qa5 38. h3 g6 39. Ne1 Qd2 40. Bf1
Nc5 41. Nf3 Qd5 42. Nc3  1/2-1/2

[Event "2. BUNDESLIGA MITTE 2017/2018"]
[Site "St. Valentin, Pinggau/Villach/Taufkirchen, Fuerstenfeld, St. Veit"]
[Date "2017.10.28"]
[Round "2"]
[Board "4"]
[White "Danner, Georg"]
[Black "Heindl, Matthias"]
[Result "1-0"]
[WhiteElo "2316"]
[BlackElo "2180"]
[PlyCount "93"]
[EventDate "2017.10.27"]
[EventType "team"]
[EventRounds "11"]
[EventCountry "AUT"]
[WhiteTeam "SPG Sparkasse Pinggau-Friedberg"]
[BlackTeam "ESV ASKOE Admira Villach"]

1. d4 Nf6 2. c4 g6 3. Nc3 d5 4. Bg5 Ne4 5. Bh4 Nxc3 6. bxc3 Bg7 7. e3 c5 8. Nf3
Nc6 9. cxd5 Qxd5 10. Be2 O-O 11. O-O Bf5 12. Qb3 Qxb3 13. axb3 cxd4 14. Nxd4
Nxd4 15. cxd4 e5 16. d5 Be4 17. Rad1 Bc2 18. Rd2 Bxb3 19. Rb1 Ba4 20. Ra2 b5
21. Bxb5 Bxb5 22. Rxb5 e4 23. g4 Rfc8 24. d6 Rc1+ 25. Kg2 Rd1 26. Be7 Bf8 27.
Re5 Bxe7 28. dxe7 Re8 29. Rxa7 f6 30. Rxe4 Kf7 31. h4 Rd5 32. Kg3 h5 33. f3 Rb5
34. Rc7 Ra5 35. Kf4 Rb5 36. Ra4 Re5 37. Raa7 Rb5 38. e4 Re5 39. Rd7 Rb5 40. Rd5
Rxd5 41. exd5 hxg4 42. fxg4 Rb8 43. h5 Rb4+ 44. Ke3 gxh5 45. gxh5 Rh4 46. d6
Rxh5 47. Ra8  1-0

[Event "2. BUNDESLIGA MITTE 2017/2018"]
[Site "St. Valentin, Pinggau/Villach/Taufkirchen, Fuerstenfeld, St. Veit"]
[Date "2017.10.28"]
[Round "2"]
[Board "5"]
[White "Frank, Paul"]
[Black "Schieder, Andreas"]
[Result "0-1"]
[WhiteElo "2217"]
[BlackElo "2237"]
[PlyCount "66"]
[EventDate "2017.10.27"]
[EventType "team"]
[EventRounds "11"]
[EventCountry "AUT"]
[WhiteTeam "ESV ASKOE Admira Villach"]
[BlackTeam "SPG Sparkasse Pinggau-Friedberg"]

1. Nf3 d6 2. d4 Bg4 3. Nbd2 Nd7 4. g3 e5 5. Bg2 f5 6. dxe5 dxe5 7. h3 Bh5 8.
Nh4 Qf6 9. Bxb7 Rd8 10. Bf3 Bxf3 11. exf3 Nh6 12. Qe2 g5 13. Ng2 Bg7 14. O-O
O-O 15. Nc4 f4 16. g4 e4 17. Nd2 exf3 18. Nxf3 Nf7 19. Nge1 Qc6 20. a4 a6 21.
Qe7 Rfe8 22. Qa3 Re4 23. Bd2 h5 24. gxh5 Qe6 25. Kh2 g4 26. hxg4 Qxg4 27. Rg1
Qxh5+ 28. Kg2 Nde5 29. Bc3 Rxe1 30. Nxe1 f3+ 31. Kf1 Qh3+ 32. Ng2 Ng4 33. Bxg7
Re8  0-1